ARRUPE JESUIT UNIVERSITY

CORONAVIRUS -STOP THE SPREAD - CLEAN,DISINFECT,COVER

A new concise Xhosa-English dictionary. (Record no. 123916)

MARC details
000 -LEADER
fixed length control field 00979cam a22002891 4500
001 - CONTROL NUMBER
control field 7057074
003 - CONTROL NUMBER IDENTIFIER
control field ARRUPE
005 - DATE AND TIME OF LATEST TRANSACTION
control field 20151218094350.0
008 - FIXED-LENGTH DATA ELEMENTS--GENERAL INFORMATION
fixed length control field 760528s1963 sa d 000 0 eng
010 ## - LIBRARY OF CONGRESS CONTROL NUMBER
LC control number 65030214
035 ## - SYSTEM CONTROL NUMBER
System control number (OCoLC)2199026
040 ## - CATALOGING SOURCE
Original cataloging agency DLC
Transcribing agency MiBsA
Modifying agency DLC
041 0# - LANGUAGE CODE
Language code of text/sound track or separate title engxho
042 ## - AUTHENTICATION CODE
Authentication code premarc
050 00 - LIBRARY OF CONGRESS CALL NUMBER
Classification number REF PL8795.4
Item number .M35 1963
300 ## - PHYSICAL DESCRIPTION
Dimensions 19 cm.
100 1# - MAIN ENTRY--PERSONAL NAME
Personal name McLaren, J.
Fuller form of name (James)
9 (RLIN) 21427
245 12 - TITLE STATEMENT
Title A new concise Xhosa-English dictionary.
Statement of responsibility, etc First rev. by W. G. Bennie and put into standard orthography by J. J. R. Jolobe.
250 ## - EDITION STATEMENT
Edition statement [New ed. in standard orthography.
260 ## - PUBLICATION, DISTRIBUTION, ETC. (IMPRINT)
Place of publication, distribution, etc Cape Town]
Name of publisher, distributor, etc Longmans
Date of publication, distribution, etc [1963]
300 ## - PHYSICAL DESCRIPTION
Extent xviii, 194 p.
500 ## - GENERAL NOTE
General note "First published under the title: A concise Kaffir-English dictionary."
650 #0 - SUBJECT ADDED ENTRY--TOPICAL TERM
Topical term or geographic name as entry element Xhosa language
General subdivision Dictionaries
-- English.
9 (RLIN) 21428
700 ## - ADDED ENTRY--PERSONAL NAME
Personal name Bennie, WG
9 (RLIN) 21429
700 ## - ADDED ENTRY--PERSONAL NAME
Personal name Jolobe, JJR
9 (RLIN) 21430
906 ## - LOCAL DATA ELEMENT F, LDF (RLIN)
a 7
b cbc
c oclcrpl
d u
e ncip
f 19
g y-gencatlg
942 ## - ADDED ENTRY ELEMENTS (KOHA)
Source of classification or shelving scheme Library of Congress Classification
Koha item type REFERENCE
Holdings
Withdrawn status Lost status Source of classification or shelving scheme Damaged status Not for loan Home library Current library Date acquired Total Checkouts Full call number Barcode Date last seen Price effective from Koha item type
    Library of Congress Classification     ARRUPE LIBRARY ARRUPE LIBRARY 18/12/2015   REF PL8795.4 .M35 1963 46500005967 18/12/2015 18/12/2015 REFERENCE

 

Arrupe Library. PO Box MP320 Mt Pleasant, Harare, Zimbabwe
263 242 745411|librarian@aju.ac.zw